000 00826cam a22002773a 4500
001 6066
003 PGUSA
005 20140828083128.0
008 040701s2004||||xxu|||||s|||||000 1 eng d
040 _aPGUSA
_beng
042 _adc
050 4 _aPR
100 1 _aMundy, Talbot,
_d1879-1940
245 1 0 _aKing--of the Khyber Rifles :
_bA Romance of Adventure
_h[electronic resource] /
_cTalbot Mundy
260 _bProject Gutenberg,
_c2004
506 _aPublic domain in the USA.
516 _aElectronic text
653 _aHistorical fiction
653 _aBritish -- India -- Fiction
653 _aIndia -- History -- Sepoy Rebellion, 1857-1858 -- Fiction
653 _aWar stories
653 _aLove stories
830 0 _aProject Gutenberg
_v6066
856 4 0 _uhttp://www.gutenberg.org/ebooks/6066
942 _cEB
999 _c235394
_d235394